000 00605nam a2200217Ia 4500
003 GCL
008 140319s9999 xx 000 0 ara d
040 _aGCL /
_cGCL
082 0 4 _a092
_bس خ
100 1 _aسراج الدين ابى حفص
245 1 0 _aجريدة العجائب وضريرة الغرائب /
_cسراج الدين ابى حفص
700 1 _aعمر بن الوردى
300 _a288
490 _a100 قصة
_v0
650 0 4 _aالادب
650 0 4 _aالشعر
650 0 4 _aالتاريخ
650 0 4 _aالجغرافيا
650 0 4 _aالديانات
942 _2ddc
_cBK
999 _c43674
_d43674